000 00500nam a22001697a 4500
003 OSt
005 20140310182944.0
008 130204t xxu||||| |||| 00| 0 eng d
050 _aHF 5635
_bB345 1996
100 _aBaysa, Gloria J. Tolentino
245 _aAdvanced accounting /
_cGloria J. Tolentino-Baysa, Ma. Concepcion Yamat Lupisan
260 _aMandaluyong City :
_bMillennium Books,
_c1996.
300 _a290 p. :
_c27 cm.
_bill. ;
521 _aBSA
942 _2lcc
_cBK
_kLOC
999 _c17770
_d17770